| 000 | 00463nam a2200109Ia 4500 | ||
|---|---|---|---|
| 008 | 170221s9999 xx 000 0 und d | ||
| 100 | _aCara Magatelli | ||
| 245 | _aFacebook is Not Your Friend: Protecting a Private Employee's Expectation of Privacy in Social Networking Content in the Twenty-First Century Workplace | ||
| 245 | _cCara Magatelli | ||
| 650 | _xBusiness | ||
| 856 | _uhttp://digitalcommons.pepperdine.edu/cgi/viewcontent.cgi?article=1088&context=jbel | ||
| 999 |
_c307624 _d307624 |
||